Statistiques concernant God of War : tous les Boss

Cliquez ici pour prendre le quiz!

Statistiques générales

  • Ce quiz a été pris 534 fois
    (180 depuis la dernière actualisation)
  • Le résultat moyen est 15 sur 51

Statistiques - réponses

OpusNom Boss% Correct
God of War IIZeus
99%
God of War IIIZeus
99%
God of War Ragnarok (2022)Thor
87%
God of War Ragnarok (2022)Odin
85%
God of War IIIPoséidon
82%
God of War IIIHadès
80%
God of War (2018)Baldur
74%
God of War IArès
72%
God of War IIIHermès
66%
God of War IIICronos
56%
God of War IIIHélios
50%
GoW Ragnarok Valhalla DLC (2023)Tyr
46%
God of War IIIHephaïstos
44%
God of War (2018)Magni et Modi
41%
God of War Ragnarok (2022)Heimdall
36%
God of War IIIHercules
36%
God of War : Chains of OlympusRoi Perse
25%
God of War Ragnarok (2022)Garm (Loup gardien d'Helheim)
24%
God of War IILes soeurs du Destin
24%
God of War IMinotaure (Gardien de Pandore)
24%
God of War : Ghost of SpartaThanatos
24%
God of War IHydre
23%
God of War IMéduse
23%
God of War : Chains of OlympusAtlas
20%
God of War Ragnarok (2022)Bjorn (Atreus)
20%
God of War (2018)Dragon (Hræzlyr)
20%
God of War : Chains of OlympusPersephone
19%
God of War : Ghost of SpartaDéimos
17%
God of War IIIcare
15%
God of War IIKraken
15%
God of War IIThésée
15%
God of War IIColosse de Rhodes
11%
God of War IIRoi Barbare (Alrik)
11%
God of War IIIScorpion
11%
God of War IIPersée
10%
God of War : Ghost of SpartaCallisto (Mère de Kratos)
9%
God of War IIEuryale
9%
God of War : AscencionLes Furies
8%
God of War : Ghost of SpartaLion du Pirée
8%
God of War : AscencionAegaeon (Hécatonchire ou Prison des Damnées)
7%
God of War : Chains of OlympusBasilic
7%
God of War IICerbères
7%
God of War : Ghost of SpartaErinys (Fille de la Mort)
7%
God of War Ragnarok (2022)Nidhogg (Dévoreur d'Yggdrasil)
7%
God of War : AscencionPollux et Castor
7%
God of War (2018)Roi des Elfes noires (Svartáljǫfurr)
7%
God of War : Ghost of SpartaScylla
7%
God of War IITyphon
7%
God of War : Chains of OlympusCharon (Le passeur)
6%
God of War IIChevalier Noire et Griffon
6%
God of War Ragnarok (2022)Gryla (Angrboda's grandma)
6%

Distribution des résultats

Percentile par nombre de réponses

% des personnes avec chaque résultat

Votre développement - résultats

Vous n’avez pas pris ce quiz depuis la dernière actualisation